000 00625nam a2200229Ia 4500
003 OSt
005 20221007063605.0
006 a|||||r|||| 00| 0
007 ta
008 221006b |||||||| |||| 00| 0 eng d
024 _a14,763
037 _cTextual
040 _aFLL
_cFLL
_beng
041 _2eng
_aeng
082 _aX:9:Z2, J5
100 _aChakravarti S.C. Au.
_9684531
245 0 _aLaws of industrial adjudications in India
260 _aCalcutta
_bEastern law house India
_c1955
300 _a137p
_ccm.
942 _hX:9:Z2, J5
_cTEXL
_2CC
999 _c1131615
_d1131615